Major Sports Teams in North America - Statistics

General Stats
  • This quiz has been taken 2,277 times
    580 since last reset
  • The average score is 94 of 147
Answer Stats
Answer % Correct
Cincinnati Reds
92%
New York Giants
90%
San Francisco Giants
90%
New York Jets
89%
Winnipeg Jets
89%
Arizona Cardinals
88%
St. Louis Cardinals
88%
New England Patriots
86%
Carolina Panthers
85%
Dallas Cowboys
85%
Florida Panthers
85%
Los Angeles Lakers
85%
Los Angeles Rams
85%
San Francisco 49ers
85%
Baltimore Ravens
84%
Chicago Bears
84%
Kansas City Chiefs
84%
Miami Dolphins
84%
Pittsburgh Steelers
84%
Boston Red Sox
83%
Detroit Lions
83%
Los Angeles Chargers
83%
Philadelphia Eagles
83%
Seattle Seahawks
83%
Atlanta Falcons
82%
Buffalo Bills
82%
Denver Broncos
82%
Green Bay Packers
82%
Boston Celtics
81%
Cincinnati Bengals
81%
Cleveland Browns
81%
Houston Texans
81%
Las Vegas Raiders
81%
New Orleans Saints
81%
Chicago White Sox
80%
Minnesota Vikings
80%
Jacksonville Jaguars
79%
Tennessee Titans
79%
Los Angeles Kings
78%
New York Yankees
78%
Sacramento Kings
78%
Tampa Bay Buccaneers
78%
Atlanta Hawks
77%
Chicago Bulls
77%
Golden State Warriors
77%
Indianapolis Colts
77%
Miami Heat
77%
Brooklyn Nets
76%
New York Knicks
76%
New York Rangers
76%
Philadelphia 76ers
76%
Texas Rangers
76%
Washington Redskins
76%
Los Angeles Dodgers
75%
Milwaukee Bucks
75%
Cleveland Cavaliers
74%
New York Mets
74%
Oakland Athletics
74%
Los Angeles Clippers
73%
Dallas Mavericks
72%
Denver Nuggets
71%
Orlando Magic
71%
Chicago Cubs
70%
Houston Rockets
70%
Utah Jazz
70%
Washington Wizards
70%
Boston Bruins
69%
Charlotte Hornets
69%
Detroit Pistons
69%
Oklahoma City Thunder
69%
Phoenix Suns
69%
San Antonio Spurs
69%
Toronto Raptors
69%
Atlanta Braves
68%
Houston Astros
68%
New Orleans Pelicans
68%
Pittsburgh Penguins
68%
Toronto Blue Jays
68%
Edmonton Oilers
67%
Indiana Pacers
67%
Los Angeles Angels
67%
Minnesota Timberwolves
67%
Pittsburgh Pirates
67%
Chicago Blackhawks
66%
Toronto Maple Leafs
66%
Arizona Diamondbacks
65%
Baltimore Orioles
65%
Detroit Tigers
65%
Memphis Grizzlies
65%
Miami Marlins
65%
New York Islanders
64%
Portland Trail Blazers
64%
Seattle Mariners
64%
Tampa Bay Rays
64%
Washington Nationals
64%
Anaheim Ducks
63%
Detroit Red Wings
63%
Kansas City Royals
63%
Philadelphia Phillies
63%
San Diego Padres
63%
Tampa Bay Lightning
63%
Colorado Rockies
62%
Dallas Stars
62%
Vancouver Canucks
62%
Cleveland Indians
61%
Milwaukee Brewers
61%
Minnesota Wild
61%
Philadelphia Flyers
61%
Washington Capitals
61%
Colorado Avalanche
60%
Minnesota Twins
60%
San Jose Sharks
60%
St. Louis Blues
60%
Calgary Flames
58%
Montreal Canadiens
58%
Vegas Golden Knights
58%
Arizona Coyotes
57%
Buffalo Sabres
57%
Carolina Hurricanes
57%
Ottawa Senators
57%
Nashville Predators
56%
New Jersey Devils
56%
Columbus Blue Jackets
52%
LA Galaxy
46%
New York Red Bulls
34%
Seattle Sounders FC
32%
Chicago Fire
29%
Portland Timbers
27%
New York City FC
26%
Los Angeles FC
25%
D.C. United
23%
Vancouver Whitecaps FC
21%
New England Revolution
20%
Toronto FC
20%
Atlanta United FC
19%
Columbus Crew SC
19%
Houston Dynamo
19%
San Jose Earthquakes
19%
Philadelphia Union
17%
FC Dallas
16%
Colorado Rapids
15%
Orlando City SC
15%
Real Salt Lake
15%
Montreal Impact
13%
Minnesota United FC
12%
Sporting Kansas City
11%
FC Cincinnati
9%
No matching quizzes found
Score Distribution
Percent of People with Each Score
Percentile by Number Answered
Your Score History
You have not taken this quiz since the last reset